<?xml version="1.0" encoding="UTF-8"?>
<record
    xmlns:xsi="http://www.w3.org/2001/XMLSchema-instance"
    xsi:schemaLocation="http://www.loc.gov/MARC21/slim http://www.loc.gov/standards/marcxml/schema/MARC21slim.xsd"
    xmlns="http://www.loc.gov/MARC21/slim">

  <leader>01282cam a2200337Ia 4500</leader>
  <datafield tag="999" ind1=" " ind2=" ">
    <subfield code="c">10439</subfield>
    <subfield code="d">10439</subfield>
  </datafield>
  <controlfield tag="001">42873782</controlfield>
  <controlfield tag="003">OCoLC</controlfield>
  <controlfield tag="005">20241126110732.0</controlfield>
  <controlfield tag="008">991123s1999    wau           000 0 eng d</controlfield>
  <datafield tag="020" ind1=" " ind2=" ">
    <subfield code="a">1576581454</subfield>
  </datafield>
  <datafield tag="020" ind1=" " ind2=" ">
    <subfield code="a">9781576581452</subfield>
  </datafield>
  <datafield tag="035" ind1=" " ind2=" ">
    <subfield code="a">(OCoLC)42873782</subfield>
  </datafield>
  <datafield tag="040" ind1=" " ind2=" ">
    <subfield code="a">TCA</subfield>
    <subfield code="c">TCA</subfield>
    <subfield code="d">BAKER</subfield>
    <subfield code="d">BTCTA</subfield>
    <subfield code="d">OCLCG</subfield>
    <subfield code="d">FHP</subfield>
  </datafield>
  <datafield tag="082" ind1=" " ind2=" ">
    <subfield code="a">266.0092</subfield>
    <subfield code="b">BEN</subfield>
  </datafield>
  <datafield tag="092" ind1=" " ind2=" ">
    <subfield code="a">BIO MULLE</subfield>
  </datafield>
  <datafield tag="100" ind1="1" ind2=" ">
    <subfield code="a">Benge, Janet,</subfield>
    <subfield code="d">1958-</subfield>
    <subfield code="9">17368</subfield>
  </datafield>
  <datafield tag="245" ind1="1" ind2="0">
    <subfield code="a">George Muller :</subfield>
    <subfield code="b">the guardian of Bristol's orphans /</subfield>
    <subfield code="c">Janet and Geoff Benge</subfield>
  </datafield>
  <datafield tag="260" ind1=" " ind2=" ">
    <subfield code="a">Seattle, WA :</subfield>
    <subfield code="b">YWAM Pub.,</subfield>
    <subfield code="c">c1999</subfield>
  </datafield>
  <datafield tag="300" ind1=" " ind2=" ">
    <subfield code="a">205 p. :</subfield>
    <subfield code="b">map ;</subfield>
    <subfield code="c">21 cm</subfield>
  </datafield>
  <datafield tag="490" ind1="0" ind2=" ">
    <subfield code="a">Christian heroes, then &amp; now</subfield>
  </datafield>
  <datafield tag="504" ind1=" " ind2=" ">
    <subfield code="a">Includes bibliographical references (p. 204)</subfield>
  </datafield>
  <datafield tag="520" ind1=" " ind2=" ">
    <subfield code="a">A biography of English evangelist and philanthropist, George Muller, who established orphanages in Bristol that ultimately cared for thousand of children</subfield>
  </datafield>
  <datafield tag="521" ind1="0" ind2=" ">
    <subfield code="a">6.6</subfield>
  </datafield>
  <datafield tag="600" ind1="1" ind2="0">
    <subfield code="a">M&#xA9;&#x1A1;ller, George,</subfield>
    <subfield code="d">1805-1898</subfield>
    <subfield code="v">Juvenile literature</subfield>
    <subfield code="9">18151</subfield>
  </datafield>
  <datafield tag="650" ind1=" " ind2="0">
    <subfield code="a">Plymouth Brethren</subfield>
    <subfield code="v">Biography</subfield>
    <subfield code="v">Juvenile literature</subfield>
    <subfield code="9">18152</subfield>
  </datafield>
  <datafield tag="650" ind1=" " ind2="0">
    <subfield code="a">Orphanages</subfield>
    <subfield code="z">Great Britain</subfield>
    <subfield code="v">Juvenile literature</subfield>
    <subfield code="9">18153</subfield>
  </datafield>
  <datafield tag="651" ind1=" " ind2="0">
    <subfield code="a">Bristol (England)</subfield>
    <subfield code="v">Biography</subfield>
    <subfield code="v">Juvenile literature</subfield>
    <subfield code="9">18154</subfield>
  </datafield>
  <datafield tag="655" ind1=" " ind2="0">
    <subfield code="a">Biography</subfield>
    <subfield code="9">5066</subfield>
  </datafield>
  <datafield tag="700" ind1="1" ind2=" ">
    <subfield code="a">Benge, Geoff,</subfield>
    <subfield code="d">1954-</subfield>
    <subfield code="9">17373</subfield>
  </datafield>
  <datafield tag="942" ind1=" " ind2=" ">
    <subfield code="2">ddc</subfield>
    <subfield code="c">BK</subfield>
  </datafield>
  <datafield tag="952" ind1=" " ind2=" ">
    <subfield code="0">0</subfield>
    <subfield code="1">0</subfield>
    <subfield code="2">ddc</subfield>
    <subfield code="4">0</subfield>
    <subfield code="7">0</subfield>
    <subfield code="a">GBC</subfield>
    <subfield code="b">GBC</subfield>
    <subfield code="c">MNMS</subfield>
    <subfield code="d">2024-07-18</subfield>
    <subfield code="l">1</subfield>
    <subfield code="o">266.0092 BEN</subfield>
    <subfield code="p">016960</subfield>
    <subfield code="r">2025-08-07 14:36:45</subfield>
    <subfield code="s">2025-08-01</subfield>
    <subfield code="t">c.1</subfield>
    <subfield code="w">2024-07-18</subfield>
    <subfield code="y">BK</subfield>
  </datafield>
</record>
